<?xml version="1.0" encoding="UTF-8"?>
<collection xmlns="http://www.loc.gov/MARC21/slim">
 <record>
  <leader>00762cam a2200205 7i4500</leader>
  <controlfield tag="001">0000003899</controlfield>
  <controlfield tag="005">20150325090000.0</controlfield>
  <controlfield tag="003">  iicp-my</controlfield>
  <controlfield tag="005">  20021204213500.0</controlfield>
  <controlfield tag="008">000000                       00         </controlfield>
  <datafield tag="020" ind1=" " ind2=" ">
   <subfield code="a">9679780996 </subfield>
  </datafield>
  <datafield tag="039" ind1=" " ind2="9">
   <subfield code="y">200212042135</subfield>
   <subfield code="z">VLOAD</subfield>
  </datafield>
  <datafield tag="090" ind1="0" ind2="0">
   <subfield code="a">959.5 </subfield>
   <subfield code="b">1</subfield>
  </datafield>
  <datafield tag="090" ind1="0" ind2="0">
   <subfield code="a">959.51 </subfield>
   <subfield code="b">SHE</subfield>
  </datafield>
  <datafield tag="100" ind1="1" ind2="0">
   <subfield code="a">Sheppard, Mubin, </subfield>
   <subfield code="c">Tan Sri Datuk, </subfield>
   <subfield code="d">1905- </subfield>
  </datafield>
  <datafield tag="245" ind1="0" ind2="0">
   <subfield code="a">Klang, twenty centuries of eventful existence  </subfield>
   <subfield code="c">Tan Sri Dato' Mubin Sheppard ; foreword by Tengku Idris Shah..</subfield>
  </datafield>
  <datafield tag="260" ind1="0" ind2=" ">
   <subfield code="a">Kuala Lumpur</subfield>
   <subfield code="a">Petaling Jaya, Selangor, Malaysia: </subfield>
   <subfield code="b">Heritage of Malaysia Trust: </subfield>
   <subfield code="b">Pelanduk Publications (M), </subfield>
   <subfield code="c">c1986..</subfield>
  </datafield>
  <datafield tag="300" ind1=" " ind2=" ">
   <subfield code="a">58 p.: </subfield>
   <subfield code="b">ill. (some col.); </subfield>
   <subfield code="c">21 cm..</subfield>
  </datafield>
  <datafield tag="651" ind1=" " ind2="0">
   <subfield code="a">Selangor -- </subfield>
   <subfield code="x">History. </subfield>
  </datafield>
  <datafield tag="999" ind1=" " ind2=" ">
   <subfield code="a">1000009748</subfield>
   <subfield code="b">Book</subfield>
   <subfield code="c">White Spot</subfield>
  </datafield>
 </record>
</collection>
